Algorithms (Record no. 8446)

MARC details
000 -LEADER
fixed length control field 00293nam a22001217a 4500
008 - FIXED-LENGTH DATA ELEMENTS--GENERAL INFORMATION
fixed length control field 200131b ||||| |||| 00| 0 eng d
020 ## - INTERNATIONAL STANDARD BOOK NUMBER
International Standard Book Number 9780070636613
082 ## -
Edition number 19th
Classification number 510.5 DAS
100 ## - MAIN ENTRY--PERSONAL NAME
Personal name DASGUPTA,Sanjay etc
245 ## - TITLE STATEMENT
Title Algorithms
250 ## - EDITION STATEMENT
Edition statement Page-320
260 ## - PUBLICATION, DISTRIBUTION, ETC. (IMPRINT)
Place of publication, distribution, etc New Delhi
Name of publisher, distributor, etc TMH
Date of publication, distribution, etc 2017
Holdings
Withdrawn status Lost status Source of classification or shelving scheme Damaged status Koha normalized classification for sorting Not for loan Koha collection Location (home branch) Sublocation or collection (holding branch) Shelving location Date acquired Source of acquisition Currency Cost, normal purchase price Bill Number Koha issues (times borrowed) Koha full call number Piece designation (barcode) Koha date last seen Copy number Actual Cost, discounted price Bill Date Koha item type
    Dewey Decimal Classification   510_500000000000000_DAS   B.Tech(CSE) PIET C-LIBRARY PIET C-LIBRARY New Arrival Sec. N02 31/01/2020 KIRTI PRAKASHAN NEW DELHI IN Rupees 830.00 IN5960 3 510.5 DAS 31622 31/01/2020 1 564.40 03/01/2020 Reference Books

Design & Developed by: PIET Central Library
R70 Miles Stone Pattikalyana Samalkha Panipat 132102
mail ID :- [email protected], Phone No:- 0180-2569700 Ex.216